[Event "1st Magistral Barbera del Valles 2020"]
[Site "Barbera del Valles"]
[Date "2020.11.21"]
[Round "2.5"]
[White "Cheparinov, Ivan"]
[Black "Santos Latasa, Jaime"]
[Result "1-0"]
[WhiteElo "2688"]
[BlackElo "2600"]
[Annotator "TA"]
[PlyCount "112"]
[EventDate "2020.11.20"]
[EventType "tourn"]
[EventCountry "ESP"]
[SourceTitle "playchess.com"]
[Source "ChessBase"]
[SourceQuality "1"]

{[%evp 10,112,21,14,14,19,12,0,3,14,5,0,0,0,10,7,12,0,0,0,0,0,0,0,20,28,12,15,26,0,17,0,0,8,97,97,97,95,127,121,128,124,131,118,116,106,131,129,134,127,117,117,162,164,164,143,200,173,139,118,135,128,185,165,185,185,173,183,249,247,233,224,224,224,343,224,224,0,343,343,343,343,343,343,343,251,242,234,239,237,239,225,218,184,297,237,229,241,244,241,331,306,329,314,29982]} 1. d4 Nf6 2. c4 e6 3. Nf3 d5 4. g3 dxc4 5. Bg2 a6 6. Ne5 Bb4+ {E04: Open Catalan: 5 Nf3.} 7. Nc3 {Black must now prevent Qa4+.} Nd5 8. O-O {Strongly threatening Nxd5.} O-O {The position is equal.} 9. Ne4 $5 {[%mdl 4] An interesting side line.} c3 {[#]} 10. bxc3 $146 ({Predecessor:} 10. Qc2 cxb2 11. Bxb2 Nd7 12. Rfd1 Be7 13. Rac1 a5 14. Nc5 Nxe5 15. dxe5 Qe8 16. Nd3 {1-0 (28) Shuler,J (2186)-Villarreal,B (2365) ICCF email 2016}) 10... Nxc3 11. Qc2 Nxe4 12. Bxe4 f5 13. Bg2 Qxd4 14. Rb1 Qc3 15. Qa4 {And now Bb2 would win.} Qxe5 16. Qxb4 Qb5 17. Qc3 Qxb1 18. Bb2 {[%csl Gb2][%cal Rc3g7] [#]} Qxf1+ $1 19. Kxf1 {[%csl Gb2][%cal Rc3g7]} Rf7 20. f4 $40 {[%mdl 128] White mounts an attack.} a5 21. Bf3 Ra6 (21... Nc6 $11 {keeps the balance.}) 22. Bh5 $1 $16 {[%cal Rh5f7][%mdl 1024] White has strong compensation.} Rd7 23. Be8 Re7 24. Bb5 Rb6 25. Ba3 Rxb5 26. Bxe7 Nc6 {[#]} 27. Bd8 $1 Bd7 28. Bxc7 Rd5 29. Bb6 Kf7 30. Kf2 Kf8 31. g4 Be8 32. h3 Bf7 (32... h6 $16 33. Qb3 Ne7) 33. Kg3 Kg8 34. Be3 h5 35. gxf5 exf5 (35... Rxf5 $16 36. Qb2 b5) 36. Bc1 Rd7 37. a3 Kh7 38. Bb2 {[%csl Gb2][%cal Rc3g7]} Bg6 (38... Bd5 {was necessary.} 39. a4 Rf7) 39. Kh4 $18 Re7 40. e3 Kh6 41. Qc5 Rf7 (41... Kh7 {keeps fighting.} 42. Bc3 Re4) 42. Qd6 Re7 43. Qc5 (43. Qd3 $142) 43... Rf7 $1 44. Qd5 Rf8 {[#]} 45. Qd7 $1 {[%csl Gb2][%cal Rd7g7][%mdl 512]} Rf7 46. Qc8 Bh7 47. Qe8 Bg6 {[#]} 48. e4 $1 {[%mdl 512]} Kh7 (48... fxe4 49. f5) 49. e5 {aiming for Kg5.} Rc7 50. Qf8 Bf7 51. Kg5 Re7 (51... Rd7 $142) 52. a4 ({Weaker is} 52. Kxf5 Bg6+ 53. Kg5 Rf7 $16) 52... Rd7 {[#] intending ...Nd8.} 53. Qc8 $1 {[%cal Rc8d7]} ({Not} 53. Kxf5 Ne7+ 54. Kg5 Ng6 $16) 53... Be6 54. Qe8 Re7 55. Qxh5+ Kg8 56. Ba3 Rd7 $2 {Weighted Error Value: White=0.13/Black=0.16} (56... Rf7 $18 57. Kh4 Bc4) 1-0

[Event "1st Magistral Barbera del Valles 2020"]
[Site "Barbera del Valles"]
[Date "2020.11.22"]
[Round "3.1"]
[White "Peralta, Fernando"]
[Black "Krysa, Leandro"]
[Result "0-1"]
[WhiteElo "2586"]
[BlackElo "2531"]
[Annotator "TA"]
[PlyCount "90"]
[EventDate "2020.11.20"]
[EventType "tourn"]
[EventCountry "ESP"]
[SourceTitle "playchess.com"]
[Source "ChessBase"]
[SourceQuality "1"]

{[%evp 13,90,-7,0,0,0,0,0,0,0,-4,52,50,47,37,34,52,50,54,66,31,97,48,91,77,65,72,75,43,87,79,84,79,209,74,79,57,64,58,60,55,67,53,70,70,77,64,79,34,57,27,27,29,29,14,24,35,156,0,0,0,0,0,58,0,69,59,75,81,81,78,86,63,83,67,70,33,42,-29983,-29984]} 1. d4 d5 2. c4 e6 3. Nf3 Nf6 4. Nc3 Be7 5. cxd5 exd5 6. Bf4 c6 7. e3 Bf5 $1 {7...Bf5 scores better than 7...0-0.} 8. Nh4 {D35: Queen's Gambit Declined: Exchange Variation.} Bg4 9. Qc2 Nh5 10. h3 {The position is equal.} Be6 11. Nf3 {[#]} g6 $146 (11... Nxf4 $11 12. exf4 Bd6) ({Predecessor:} 11... Nxf4 12. exf4 Bd6 13. f5 Bd7 14. Bd3 O-O 15. O-O Na6 16. Bxa6 bxa6 17. Rae1 Qf6 {½-½ (37) Ypma,H-Kelbl,J (1871) ICCF email 2010}) 12. Bh6 $14 Bf6 13. g4 Bg7 $1 14. Bg5 ({Don't play} 14. gxh5 Bxh6 15. Qb3 Qb6 $15) 14... Nf6 15. O-O-O O-O 16. Kb1 Nbd7 (16... Qa5 $14) 17. Ne5 Qa5 18. f4 Ne4 19. Nxe4 dxe4 20. Nc4 Bxc4 21. Bxc4 Nb6 22. f5 Nd5 (22... h6 $16) 23. Bxd5 ({But not} 23. Qxe4 $6 h6 $16) (23. h4 $18 {and White stays clearly on top.}) 23... Qxd5 $16 24. Be7 Rfe8 25. f6 Bf8 26. Bxf8 Kxf8 27. Qf2 Qd6 28. g5 Re6 29. Rhf1 Kg8 30. Qh4 Qf8 31. d5 cxd5 32. Rxd5 Rd8 33. Rfd1 Rxd5 34. Rxd5 $11 {[%mdl 4096] Endgame KQR-KQR} h5 (34... h6 $1 $14) 35. gxh6 $2 (35. Qf2 $16) 35... Kh7 36. Rd7 Rd6 37. Re7 {And now a4 would win.} Rd1+ 38. Kc2 Rf1 (38... Rd6 $1 $11 39. Kb1 (39. Qxe4 Qc8+ 40. Kb3 Rb6+ 41. Ka4 Rxf6 $11) 39... Rd1+ 40. Kc2 Rd6 41. Qxe4 Qc8+ 42. Kb3 Rb6+ 43. Ka4 Ra6+ 44. Kb3 Rb6+ 45. Ka4 Rxf6) 39. Kb3 $14 Rf3 40. Qxe4 {[%mdl 64] [#] Double Attack} Rxf6 41. Rxb7 a6 42. a3 Kxh6 43. Ka2 Qc5 44. Rb8 Kg7 $1 45. Qa8 $2 {[%mdl 8192] [#]} (45. Re8 $14) 45... Qc4+ {Weighted Error Value: White=0.36/Black=0.18} 0-1

[Event "1st Magistral Barbera del Valles 2020"]
[Site "Barbera del Valles"]
[Date "2020.11.22"]
[Round "3.2"]
[White "Alsina Leal, Daniel"]
[Black "Munoz, Miguel"]
[Result "1/2-1/2"]
[WhiteElo "2498"]
[BlackElo "2442"]
[Annotator "TA"]
[PlyCount "48"]
[EventDate "2020.11.20"]
[EventType "tourn"]
[EventCountry "ESP"]
[SourceTitle "playchess.com"]
[Source "ChessBase"]
[SourceQuality "1"]

{[%evp 15,48,56,50,40,53,18,54,50,55,54,64,69,84,52,74,37,43,33,30,22,38,38,30,28,50,58,48,25,70,35,35,45,53,45,46]} 1. e4 c5 2. Nf3 Nc6 3. d4 cxd4 4. Nxd4 Nf6 5. Nc3 e5 6. Ndb5 d6 7. Bg5 a6 8. Na3 Be6 9. Nc4 {B33: Sicilian: Pelikan and Sveshnikov Variations.} Rb8 10. a4 {[%cal Ba2a4,Ba4a5][%mdl 32]} h6 11. Bxf6 Qxf6 12. Nd5 Bxd5 13. exd5 {[#]} Ne7 $146 ({Predecessor:} 13... Na7 14. Be2 Be7 15. O-O Bd8 16. Qd2 O-O 17. f4 e4 18. Qe3 Nc8 19. Qxe4 b5 20. axb5 axb5 {½-½ (48) Brkic,A (2563)-Mamedov,R (2703) Skopje 2018}) 14. a5 Nc8 15. g3 Be7 16. Bh3 Qg6 {[#] Hoping for ...Qe4+.} 17. Ne3 Bg5 18. Bf5 Qf6 {And now ...Bxe3 would win.} 19. O-O $36 {[%mdl 2048] White has the initiative.} Bxe3 20. fxe3 Qg5 21. Qf3 O-O 22. Be4 {White is slightly better.} h5 23. h4 Qh6 24. Bd3 $1 Ne7 {Weighted Error Value: White=0.11/Black=0.08} 1/2-1/2

[Event "1st Magistral Barbera del Valles 2020"]
[Site "Barbera del Valles"]
[Date "2020.11.22"]
[Round "3.3"]
[White "Studer, Noel"]
[Black "Grigoryan, Karen H."]
[Result "1/2-1/2"]
[WhiteElo "2582"]
[BlackElo "2659"]
[Annotator "TA"]
[PlyCount "113"]
[EventDate "2020.11.20"]
[EventType "tourn"]
[EventCountry "ESP"]
[SourceTitle "playchess.com"]
[Source "ChessBase"]
[SourceQuality "1"]

{[%evp 10,113,15,10,45,27,35,18,18,11,7,-9,-12,-18,-8,-19,-18,-15,-16,-20,-17,-21,-26,-35,-27,-37,-18,-19,-14,-16,-16,-9,25,0,0,0,5,0,14,14,23,15,13,-10,-16,-8,0,-18,-18,-18,-12,-18,-18,-20,-16,-21,-22,-22,-18,-26,-23,-25,-11,-13,0,0,0,0,0,-4,-4,-15,-8,-13,-10,-10,-12,-18,0,0,0,-12,-8,-8,-8,-8,-8,-27,-18,-22,0,0,0,0,327,326,419,385,569,62,61,11,11,11,11,14]} 1. d4 Nf6 2. c4 e6 3. Nf3 Bb4+ 4. Nbd2 O-O 5. a3 Be7 6. e4 d6 {E11: Bogo-Indian.} (6... d5 $5 {[%cal Rd5e4]}) 7. Be2 c5 8. O-O cxd4 9. Nxd4 Nc6 {[#]} 10. Nb5 $146 ({Predecessor:} 10. N4f3 a5 11. b3 b6 12. Bb2 Bb7 13. Re1 Qc7 14. Rc1 Rad8 15. Bf1 Qb8 16. Qc2 {0-1 (54) Melkumyan,H (2668)-Bartel,M (2634) Moscow 2019}) 10... d5 11. cxd5 exd5 12. exd5 Nxd5 13. Bf3 Be6 14. Nb3 Ne5 15. N5d4 Nxf3+ 16. Qxf3 Qb6 17. Bd2 a5 {[#] aiming for ...a4.} (17... Bf6 $5 {[%cal Rf6d4]} 18. Ba5 Qa6 $15) 18. a4 Bf6 19. Nxe6 fxe6 20. Qh3 Kh8 21. Rae1 Bxb2 22. Rxe6 Qc7 23. Qd3 Nf4 24. Bxf4 Qxf4 25. Qb5 Bc3 26. Re7 b6 27. Re6 Rf6 28. Re3 Qb4 29. Qd5 $1 {[%cal Rd5a8]} Raf8 30. g3 Rd6 31. Qf5 {[%cal Rf5f8]} Bf6 ({Weaker is} 31... Rxf5 32. Re8+ Rf8 33. Rxf8#) 32. Qe4 $1 Qxe4 33. Rxe4 Rc8 34. Kg2 Kg8 35. Nc1 Rdc6 36. Nd3 Rc4 37. Rfe1 $1 Rxe4 38. Rxe4 $11 {[%mdl 4096] Endgame KRB-KRN} Kf7 39. h4 Rc3 40. Nf4 Rc5 41. Re6 b5 42. axb5 Rxb5 43. Ra6 Bd4 44. g4 Ke7 45. Ne2 Bb2 46. h5 Kd7 47. h6 gxh6 48. f4 Kc7 49. f5 Kb7 50. Rxh6 a4 51. f6 Ka7 $2 {[%mdl 8192]} (51... a3 $11 52. f7 (52. Rxh7+ Ka8 $11) 52... Bg7 53. Rxh7 Bf8) 52. Rxh7+ $18 Ka6 53. f7 Rb8 {[#]} (53... Ba3 $142 54. Rh3 Bb4 55. Rh6+ Kb7) 54. Nf4 $2 (54. g5 $1 $18) 54... a3 $1 $14 {[%cal Ra3a2] Threatens to win with ...a2.} 55. Ne6 {Hoping for Nc7+.} (55. Nd3 $5 {[%cal Rg4g5]} Rf8 56. Rh3 $14) 55... a2 56. Rh1 ({Don't go for} 56. f8=R $2 Rxf8 57. Nc5+ Kb5 $19) 56... Kb6 57. f8=Q {Weighted Error Value: White=0.23/Black=0.23} 1/2-1/2

[Event "1st Magistral Barbera del Valles 2020"]
[Site "Barbera del Valles"]
[Date "2020.11.22"]
[Round "3.4"]
[White "Santos Latasa, Jaime"]
[Black "Oratovsky, Michael"]
[Result "1/2-1/2"]
[WhiteElo "2600"]
[BlackElo "2414"]
[Annotator "TA"]
[PlyCount "133"]
[EventDate "2020.11.20"]
[EventType "tourn"]
[EventCountry "ESP"]
[SourceTitle "playchess.com"]
[Source "ChessBase"]
[SourceQuality "1"]

{[%evp 16,133,67,50,81,75,86,76,93,79,79,87,87,85,88,64,78,92,88,107,112,80,69,77,89,55,55,53,73,41,45,44,47,36,40,31,47,47,45,47,52,47,46,40,41,23,65,59,51,50,66,54,75,67,97,92,93,78,75,70,79,79,85,70,79,68,67,66,85,66,68,66,100,68,94,93,108,83,108,101,124,77,88,59,79,51,56,43,64,19,28,21,68,68,91,91,91,91,91,72,72,72,91,72,91,72,91,71,71,41,39,40,52,52,56,45,71,29,46,0]} 1. d4 Nf6 2. c4 d6 3. Nf3 g6 4. Nc3 Nbd7 5. e4 e5 6. Be2 Bg7 7. O-O O-O 8. Qc2 c6 9. d5 Ne8 {E94: King's Indian: Classical: 6 Be2 e5 7 0-0: Various Black 7th moves.} 10. Rd1 c5 11. Bg5 {[#]} Bf6 $146 {White is better.} ({Predecessor:} 11... f6 12. Bh4 h5 13. h3 Bh6 14. Ne1 Qe7 15. Nd3 Ng7 16. g4 Bf4 17. Kg2 Qf7 {½-½ (37) Chernin,A (2593)-Schweda,R (2420) Austria 2009}) 12. Be3 Be7 13. Bh6 Ng7 14. Qd2 Re8 15. a3 Nf6 16. h3 Kh8 17. Be3 Nd7 18. Kh2 f5 19. Bh6 f4 20. g3 Nh5 21. Rg1 Bf8 22. Bxf8 (22. Bg5 $5 {[%cal Rg5d8]} Be7 23. gxf4 $16) 22... Rxf8 23. g4 Ng7 24. g5 Nb6 25. b3 a5 26. Qd1 Qd7 {[%csl Gc8][%cal Rd7h3] [#]} 27. Qf1 Nh5 28. Qg2 Qe7 29. Rab1 Kg7 30. h4 Qd8 31. Rgc1 Qe7 32. Kg1 Rf7 33. Kf1 Nd7 34. Ke1 Nb8 35. Kd2 Na6 36. Rg1 Bd7 37. Qf1 Raf8 38. Kc2 Kh8 39. Qd1 Nc7 40. Qd2 Qe8 41. Qd3 Kg7 42. Rh1 Kh8 43. Kb2 Kg7 44. Rbf1 Kh8 45. Rfg1 Kg7 46. Rh2 Qb8 47. a4 Na6 48. Nb1 Nb4 49. Qc3 Qe8 50. Nbd2 Rg8 51. Rhh1 Kf8 52. Nh2 Ke7 53. Bf3 Kd8 54. Ng4 Rgf8 55. Nh6 Rg7 56. Nf1 Kc7 57. Nh2 Kb6 58. Ka3 Kc7 59. Rd1 Kb6 60. Rhg1 Kc7 61. Rd2 {Cut Off at move 61} Kb6 62. Bg4 Bxg4 63. Rxg4 Re7 64. Nf3 Qd7 65. Kb2 Ree8 66. Kb1 Ka6 67. Kb2 {Weighted Error Value: White=0.11/Black=0.10} 1/2-1/2

[Event "1st Magistral Barbera del Valles 2020"]
[Site "Barbera del Valles"]
[Date "2020.11.22"]
[Round "3.5"]
[White "Narciso Dublan, Marc"]
[Black "Cheparinov, Ivan"]
[Result "1-0"]
[WhiteElo "2492"]
[BlackElo "2688"]
[Annotator "TA"]
[PlyCount "73"]
[EventDate "2020.11.20"]
[EventType "tourn"]
[EventCountry "ESP"]
[SourceTitle "playchess.com"]
[Source "ChessBase"]
[SourceQuality "1"]

{[%evp 9,73,4,0,5,5,6,7,0,0,-11,8,0,16,13,9,9,23,23,12,16,16,14,11,8,38,38,41,21,38,21,41,28,36,35,41,25,41,21,39,24,42,41,41,35,41,41,103,100,101,99,117,94,101,112,232,246,241,228,586,556,549,484,856,858,821,799]} 1. d4 Nf6 2. Bg5 c5 3. Bxf6 exf6 4. c3 d5 5. e3 Nc6 6. dxc5 {A45: Trompowsky Attack.} Bxc5 7. Nd2 O-O 8. Nb3 {The position is equal.} Bb6 9. Be2 Be6 10. Nf3 Qd6 11. O-O {[#]} Rfd8 $146 ({Predecessor:} 11... Ne5 12. Nbd4 Bc7 13. g3 a6 14. Qb3 Rfd8 15. Rfd1 Rab8 16. Nxe6 fxe6 17. e4 Bb6 {1-0 (32) Zajogin,A (2408)-Sahin,O (2208) Tegernsee 2018}) 12. Nbd4 Ne5 13. Qb3 Rac8 14. Rfd1 Nc4 15. Re1 Qe7 16. Bf1 f5 17. g3 g6 18. Bg2 Bc5 19. Re2 Rd6 20. Qd1 Rdd8 21. Nb3 {[%cal Bd4b3,Bb3c1,Bc1d3,Bd3f4][%mdl 32]} Bb6 22. Nfd4 Kg7 23. Nc1 Nd6 24. Nd3 Ne4 25. a4 a6 26. Qb3 Ba5 27. Nf4 Rd7 {[#]} ({Black should play} 27... Kg8 $14) 28. f3 $1 $16 {[%cal Rf3e4]} Nf6 {[#]} 29. e4 $1 {[%cal Re4f5]} dxe4 30. Nfxe6+ fxe6 31. Nxe6+ Kh6 (31... Kh8 $16) 32. fxe4 $18 Qd6 33. exf5 Bb6+ $2 (33... Qb6+ {is more resistant.} 34. Nd4 Qxb3 35. Nxb3 Bb6+ 36. Kh1 Rf8) 34. Kh1 {White is clearly winning.} Ng4 35. Qc2 {Strongly threatening Qe4.} Ne3 {[#]} (35... Qd3 $142 36. Qxd3 Rxd3 37. Bxb7 Rb8 38. Bxa6 Rd6) 36. Rxe3 $1 Bxe3 37. Qe4 {Weighted Error Value: White=0.06/Black=0.32} 1-0

[Event "1st Magistral Barbera del Valles 2020"]
[Site "Barbera del Valles"]
[Date "2020.11.23"]
[Round "4.1"]
[White "Krysa, Leandro"]
[Black "Cheparinov, Ivan"]
[Result "1-0"]
[WhiteElo "2531"]
[BlackElo "2688"]
[Annotator "TA"]
[PlyCount "93"]
[EventDate "2020.11.20"]
[EventType "tourn"]
[EventCountry "ESP"]
[SourceTitle "playchess.com"]
[Source "ChessBase"]
[SourceQuality "1"]

{[%evp 10,93,28,-20,-24,-6,-8,-6,-6,-9,53,53,123,124,125,113,135,137,145,137,134,123,118,129,170,70,71,71,85,75,70,70,65,50,61,58,58,58,61,55,62,49,49,49,49,49,49,49,49,49,49,48,100,59,60,59,106,125,147,146,146,146,149,150,146,142,162,162,299,306,331,334,308,299,298,293,344,333,469,462,455,446,395,400,2127,1619]} 1. d4 Nf6 2. c4 g6 3. Nc3 d5 4. Nf3 Bg7 5. cxd5 Nxd5 6. Qa4+ Nc6 {D90: Grünfeld: 4 Nf3 Bg7 sidelines.} 7. e4 Nb6 8. Qc2 $1 Bxd4 {The position is equal.} 9. Bb5 {[#]} e5 $146 (9... Bg7 $11) ({Predecessor:} 9... Bg7 10. Bf4 O-O 11. Bxc6 bxc6 12. O-O Bb7 13. Rad1 Qc8 14. Rfe1 Rd8 15. Rxd8+ Qxd8 {½-½ (24) Ljubicic,L (2602)-Rombaldoni,D ICCF email 2016}) 10. Bh6 $14 Bg4 ({Black should play} 10... Qd6 $14) 11. Nxd4 $16 exd4 {[#]} 12. Nd5 $1 {[%mdl 512]} Nxd5 13. Bxc6+ bxc6 14. Qxc6+ Ke7 15. exd5 {Black must now prevent Bg5+.} Qd6 16. Qc4 $1 {[%cal Rc4d4]} Rhb8 17. Qxd4 (17. O-O $18 {Strongly threatening Rfe1+.} Rb4 18. Qc1) 17... Qb4+ $14 18. Qxb4+ Rxb4 19. b3 Rd4 20. Rc1 Rxd5 21. Rxc7+ (21. f3 {looks sharper.} Be6 22. Rxc7+ Kd8 23. Rc2 a5 24. Kf2) 21... Rd7 22. Rxd7+ Kxd7 {[%mdl 4096] Endgame KRB-KRB} 23. Kd2 Rc8 24. Be3 Bf5 {White should prevent ...Rc2+.} 25. Bxa7 Ra8 26. Bc5 {aiming for a4.} Rxa2+ 27. Ke3 Be6 28. b4 Bd5 29. Rd1 Kc6 30. g3 g5 (30... Be6 $14) 31. h4 gxh4 $1 32. gxh4 h5 {White stays focused until the end.} 33. Kf4 Re2 34. Be3 $1 Rb2 {[#]} 35. Rd4 $1 Rb1 36. Kg5 Bf3 37. Rf4 Rg1+ {[#]} 38. Kf6 $1 Bd5 (38... Be2 $142 39. Kxf7 Rh1) 39. Rf5 $18 Rg4 {[#]} 40. b5+ $1 {[%cal Bb4b5,Bb5b6][%mdl 544]} Kd6 {[%csl Gf7][%cal Rg4g6]} (40... Kxb5 41. Rxd5+) 41. Rxh5 Rg6+ 42. Kf5 Bc4 43. b6 Bd3+ 44. Kf4 Rf6+ 45. Kg3 Rg6+ 46. Rg5 Rxg5+ (46... Kc6 $142 47. Kf4 Rf6+ 48. Kg4 Rg6) 47. Bxg5 {Weighted Error Value: White=0.06/Black=0.22} ({Less strong is} 47. hxg5 Ba6 $16) 1-0

[Event "1st Magistral Barbera del Valles 2020"]
[Site "Barbera del Valles"]
[Date "2020.11.23"]
[Round "4.2"]
[White "Oratovsky, Michael"]
[Black "Narciso Dublan, Marc"]
[Result "1/2-1/2"]
[WhiteElo "2414"]
[BlackElo "2492"]
[Annotator "TA"]
[PlyCount "35"]
[EventDate "2020.11.20"]
[EventType "tourn"]
[EventCountry "ESP"]
[SourceTitle "playchess.com"]
[Source "ChessBase"]
[SourceQuality "1"]

{[%evp 9,35,31,30,26,24,27,27,22,37,29,32,25,30,33,29,29,39,26,24,13,13,9,31,8,32,16,28,31]} 1. e4 c6 2. Nf3 d5 3. d3 Qc7 4. Nbd2 e5 5. d4 exd4 6. exd5 {B10: Caro-Kann: 2 d3 and 2 c4.} cxd5 7. Nxd4 {[#]} a6 $146 ({Predecessor:} 7... Be7 8. N2b3 Nf6 9. Nb5 Qd7 10. Bf4 Na6 11. Bd3 O-O 12. c3 b6 13. O-O Bb7 {0-1 (29) Ryzhov,V-Stratulat,S Kiev 2000}) 8. Bd3 Nf6 9. O-O Be7 10. h3 (10. N2f3 {keeps more tension.} Nc6 11. Re1 O-O 12. Bg5 Bg4 13. h3) 10... O-O 11. Re1 Nc6 12. N2f3 h6 13. c3 Re8 14. Bd2 Bd7 15. Qc2 Bf8 16. Rad1 {[%cal Ba1d1,Bd1e1,Be1e8][%mdl 32]} Rxe1+ 17. Rxe1 Re8 18. Rxe8 {Weighted Error Value: White=0.05/Black=0.05} 1/2-1/2

[Event "1st Magistral Barbera del Valles 2020"]
[Site "Barbera del Valles"]
[Date "2020.11.23"]
[Round "4.3"]
[White "Grigoryan, Karen H."]
[Black "Santos Latasa, Jaime"]
[Result "1-0"]
[WhiteElo "2659"]
[BlackElo "2600"]
[Annotator "TA"]
[PlyCount "65"]
[EventDate "2020.11.20"]
[EventType "tourn"]
[EventCountry "ESP"]
[SourceTitle "playchess.com"]
[Source "ChessBase"]
[SourceQuality "1"]

{[%evp 15,65,2,3,27,22,-15,0,-17,13,17,0,0,14,0,0,0,0,0,0,0,0,-26,-41,-91,-106,-94,-101,-87,-70,-72,-37,-31,0,-137,-82,-121,-99,-112,650,-43,0,-35,198,134,131,113,1220,1206,29974,29977,29975,29975]} 1. d4 Nf6 2. c4 e6 3. Nc3 Bb4 4. Qc2 O-O 5. a3 Bxc3+ 6. Qxc3 d5 7. Nf3 dxc4 8. Qxc4 b6 9. Bg5 {E36: Nimzo-Indian: Classical: 4...d5 5 a3.} Ba6 10. Qc2 h6 11. Bh4 {[#] The position is equal.} Bb7 $5 $146 {[%mdl 8] New and interesting.} ({Predecessor:} 11... Qe7 12. e4 Bxf1 13. Kxf1 g5 14. Bg3 c5 15. Rd1 Rd8 16. h4 g4 17. Ne5 cxd4 {1-0 (44) Howell,D (2663)-Martin Duque,J (2402) Linares 2020}) 12. e3 Nbd7 13. Rd1 Rc8 14. Bd3 c5 15. Qe2 cxd4 16. Nxd4 Bxg2 17. Rg1 Bb7 18. f3 {Hoping for Qg2!} Kh8 19. Qg2 {[%csl Gg1][%cal Rg2g7]} Rg8 $1 20. Qh3 Qf8 21. Bg5 Rc5 22. Qh4 Re5 {aiming for ...Qc5.} 23. Kf2 Qe7 24. f4 (24. Rg3 $1 $11) 24... Rd5 (24... Rc5 $142 25. Ke2 Qf8) 25. Ke2 Nc5 26. Bc2 a5 $2 {[%mdl 8192] [#]} ({Don't do} 26... Ba6+ 27. Ke1 $15) (26... Nce4 $17 27. Bxe4 {[%mdl 64] Pin} Rxg5 28. Rxg5 (28. fxg5 Nxe4 29. Rc1 Qd6 $17) 28... Nxe4 {[%mdl 64] Pin}) 27. Rg3 $2 (27. Nc6 $1 $18 {[%cal Rc6e7][%mdl 512]} Ba6+ (27... Bxc6 28. Rxd5) 28. Kf3 Rxg5 29. Nxe7 Rxg1 30. Rxg1) 27... Ncd7 (27... Rxg5 $5 28. Rxg5 (28. fxg5 Nfe4 $15 {[%mdl 64] Double Attack}) 28... Ba6+ 29. Ke1 Qb7 $11) 28. Rdg1 {Threatens to win with Bxh6!} Qf8 $2 {[#]} (28... h5 $1 $15 {keeps the upper hand.}) 29. Kd1 $40 {[%mdl 128] White attacks with force.} ({White should try} 29. Rh3 $1 $18 {[%cal Rg5h6] Bxh6! is the strong threat.} Rc5 30. Bd3 Rxg5 31. fxg5) 29... Rc5 $16 30. Bd3 Rc8 $2 {[%mdl 8192] [#]} (30... Rd5 $16 31. Rh3 Rxg5 32. fxg5 Nh7) 31. Rh3 $1 $18 {[%cal Rg5h6] White threatens Bxh6! and mate.} Rc5 {[#]} 32. Bxh6 $1 {[%csl Gg1][%cal Rh6g7][%mdl 512]} Rh5 {[#]} (32... gxh6 33. Qxh6+) 33. Bg5 $1 {[%mdl 512] Weighted Error Value: White=0.56/Black=0.67} 1-0

[Event "1st Magistral Barbera del Valles 2020"]
[Site "Barbera del Valles"]
[Date "2020.11.23"]
[Round "4.4"]
[White "Munoz, Miguel"]
[Black "Studer, Noel"]
[Result "1/2-1/2"]
[WhiteElo "2442"]
[BlackElo "2582"]
[Annotator "TA"]
[PlyCount "43"]
[EventDate "2020.11.20"]
[EventType "tourn"]
[EventCountry "ESP"]
[SourceTitle "playchess.com"]
[Source "ChessBase"]
[SourceQuality "1"]

{[%evp 21,43,8,12,-3,-3,-4,-8,-3,-3,-5,-5,-16,-4,-9,0,0,0,0,6,2,3,0,15,14]} 1. e4 e5 2. Nf3 Nf6 3. Nc3 Nc6 4. d4 exd4 5. Nxd4 Bb4 6. Nxc6 bxc6 7. Bd3 d5 8. exd5 O-O 9. O-O cxd5 10. Bg5 c6 11. Qf3 Rb8 {The position is equal.} 12. Ne2 {C47: Scotch Four Knights and Four Knights with 4 g3.} (12. Bxf6 {is interesting.} Qxf6 13. Qxf6 gxf6 14. Ne2 Re8 15. c3) 12... Bg4 13. Bxf6 {[#] And now Bxh7+! would win.} Bxf3 14. Bxd8 {aiming for Bc7.} Bxe2 15. Bxe2 {Bc7 is the strong threat.} Rfxd8 16. Rfd1 Be7 17. Rab1 Bf6 18. b4 Bc3 19. b5 {[#]} cxb5 $146 ({Predecessor:} 19... c5 20. Rb3 d4 21. Ra3 Re8 22. Bc4 Re7 23. g3 g6 24. Kg2 Kg7 25. Ra6 Rb6 {½-½ (36) Leniart,A (2360)-Zhigalko,S (2587) Budva 2009}) 20. Rxb5 Rxb5 21. Bxb5 d4 22. Rb1 {Not much happened in this game.  Weighted Error Value: White=0.04/Black=0.05} 1/2-1/2